| 000 | 00460nam a2200157Ia 4500 | ||
|---|---|---|---|
| 008 | 151021s9999 xx 000 0 und d | ||
| 020 | _a013111395x | ||
| 050 | _aHT151 .M335 2004 | ||
| 245 | _a_Cities and Urban life.-3rd ed. John J.Macionis | ||
| 260 | _aNew Jersey Pearson Education 2004 | ||
| 300 | _axxv,486p.;ill | ||
| 500 | _aIncludes index. | ||
| 500 | _aIncludes index. | ||
| 650 | _a_Cities and Towns | ||
| 980 | _a^d20130520 11:29:38^oanne | ||
| 999 |
_c13478 _d13478 |
||